000 01350nam a2200217 a 4500
005 20140310183407.0
008 121018s19uu xx 00 eng d
020 _a9780807748343
050 _aLB 1591.5.U57
_b.D38 2008
100 _aDavis, Jessica Hoffmann
245 _aWhy our schools need the arts /
_cJessica Hoffmann Davis.
260 _aNew York, United States :
_bTeachers College Press,
_c2008.
300 _aix, 150 p. :
_c23 cm.
500 _aIncludes index
520 _aThis inspiring book leads the way to a new kind of advocacy-one that stops justifying the arts as useful to learning other subjects, and argues instead for the powerful lessons that the arts, like no other subject, teach our kids. Jessica Hoffmann Davis, a leading voice in the field of arts education, offers a set of principles and tools that will be invaluable to advocates already working hard to make the case and secure a strong place for the arts in education. She also reaches out to those who care deeply about education but have yet to consider what the arts uniquely provide. This book is for anyone willing to brave a new terrain in which the arts are finally embraced without apology.
521 _aMA
650 _aArt
_xStudy and teaching
_xUnited States
650 _aArt and society
_xUnited States
942 _cBK
_2lcc
_kFOR
999 _c22435
_d22435